00281nam a22001097a 4500008004100000020001500041041000800056080000800064100000700072101000800079245008400087181020b xxu||||| |||| 00| 0 eng d a0878557466 aeng a201 a24 aTEO aIn Goods We Trust. New Patterns of Religious Pluralism in America.cRobbins, Th